| 000 | 00588nam a2200229Ia 4500 | ||
|---|---|---|---|
| 003 | OSt | ||
| 005 | 20221005060518.0 | ||
| 006 | a|||||r|||| 00| 0 | ||
| 007 | ta | ||
| 008 | 221004b |||||||| |||| 00| 0 eng d | ||
| 024 | _a60878 | ||
| 037 | _cTextual | ||
| 040 |
_aCRL _cCRL _beng |
||
| 041 |
_2eng _aeng |
||
| 082 | _aU8.4.H, M3 | ||
| 245 | 0 | _aIBN BATTUTA travels in Asia and Africa 1325-1354 | |
| 260 |
_aLondon _bRoutledge and Kegan Paul _c1929 |
||
| 300 |
_a398p. _ccm. |
||
| 650 | _aGEOGRAPHY | ||
| 942 |
_hU8.4.H, M3 _cTEXL _2cc |
||
| 999 |
_c966808 _d966808 |
||